000 00417nam a2200181Ia 4500
001 1330
005 20260306143720.0
008 260306t1972||||xx |||||||||||||| ||spa||
041 _aESP
082 _a194
_bM26
100 _aMarias, Julian
_eAUT
245 0 _aLa filosofía del padre Gratry
260 _c1972
300 _a221 páginas :
_c18 cm.
650 _aGEN
654 _aCHU
942 _cLIB
_dJUS
_fJUS
_2ddc
_n
999 _c1330
_d1330